00484nam a22001577a 450000500170000001000150001702000260003203500140005803700130007208200080008524500850009326000290017827000840020730000200029170000150031120171128105257.0 aENG-121580 a9789382749042c250.00 aEN-105112 bDBAD/PUB a881 aWings over the Mahanadi :cconceived by Manu Dash beight Odia - english poets / aMumbaibPoetrywalac2014 a1701/1702, 6A Whispering Palms, Lokhandwala Township, KandivalibMumbaie400101 a89p,c22cm(pbk) aDash, Manu